000
00261nam a2200109Ia 4500
005
20251222152712.0
008
251222s9999||||xx |||||||||||||| ||spa||
082
_a
600/N86
100
_a
Novoa, Cesar
245
0
_a
Producción de Rumiantes Menores:
942
_c
LIB
999
_c
29260
_d
29260